000 00788nam a2200205 a 4500
001 001064193
003 AM-YeHGA
005 20250617151137.0
008 150306s1974 ru 000 0 rus d
040 _aAM-YeHGA
041 0 _arus
100 1 _aАлдохин, Иван Павлович
245 1 0 _aЭкономическая кибернетика :
_b(учебное пособие) /
_cИ.П. Алдохин; Харьков. инженер.-эконом. ин-т.
260 _aХарьков :
_bБ. и.,
_c1974.
300 _a204 с. :
_bил.
504 _aБиблиогр.: с. 198-201
650 1 4 _aЭкономическая кибернетика
710 2 _aХарьковский инженерно-экономический институт
090 _c347508
999 _c345707
_d345707